01303nam a2200301 i 4500003000900000005001700009007000300026008004100029040003000070082001800100100006200118245005400180264004900234300003700283336002700320337003300347338002800380490004900408500003800457500009400495500011700589533009100706590002700797910001400824942001300838952013300851999001700984DO-SdBNP20250620144600.0ta250620s1988 dr c 000 0 spa d aDO-SdBNPbspacBNPHUerda axxxbM8282221 aMorales de Castillo, Mélidad1892-954720eautora4aut.10aRecordándolo /cMélida Morales vda. Castillo. aSanto Domingo :bEditora Corripio, c[1988]. a45 páginasaRetratos ;c24 cm. atextobtxt2rdacontent asin mediaciónbn2rdamedia avolumenbnc2rdacarrier1 aLuis Conrado del Castillo Rodriguez Objiov2 aLa biblioteca posee el volumen 2. aPublicado con motivo del centenario de su nacimiento ocurrido este el 20 de mayo de 1888. aLos volúmenes I y II de esta colección se publican con el patrocinio del señor Tomás E. Morales Garrido. aEdición facsimilar :bSanto Domingo :cImp. de J.R. vda. García sucesores. d1929. aInventariado, 2025/ YL aYLockward 2ddccLF2 00102ddc51708PD-FaBNPHUbBNPHUcCTd2014-06-02eDonación l0oBNPHU F-PD xxx M828p2025-5432r2025-06-20w2025-06-20yLF2 c59354d59354